05090nam a2200337 a 4500003000500000005001700005007000300022008004100025040000800066041001300074100003300087240009300120245013600213264004200349300010000391336002700491337002900518338003900547502004300586504002800629520191400657520181302571650005304384650004904437650004404486650004404530700003904574700004904613700003304662856005704695CHAP20260421090549.0ta260421s2025 mx ado|fom||| 001 0 spa d erda aspabeng1 aFuentes Domínguez, Paulina10aAgro-enterprise development proposal for a dairy company located in Veracruz.lEspañol10aPropuesta de desarrollo agroempresarial para una empresa productora de lácteos ubicada en Veracruz /cPaulina Fuentes Domínguez aChapingo, México :bEl autor,c2025 a1 recurso en línea ( xiii, 115 páginas) :bilustraciones, tablas, gráficas, fotografías 2rdacontentatextobtxt 2rdamediaacomputadorabc 2rdacarrierarecurso en líneabcr aTesisbMCTAcAgroindustriasd2025gMAE aIncluye bibliografías3 aLa industria láctea mexicana se caracteriza por una alta presencia de pequeñas y medianas empresas que enfrentan desventajas competitivas frente a grandes corporaciones, pese a su relevancia en la generación de empleo. En este contexto se ubica la Empresa Bajo Estudio (EBE), una PyME láctea ubicada en Veracruz, que integra producción, transformación y comercialización de lácteos, además de incorporar pequeños productores de leche locales, pero que presenta rezagos en formalización organizacional, gestión administrativa y articulación de su red. El objetivo general fue proponer un plan de desarrollo agroempresarial para la EBE con base en su diagnóstico organizacional interno y externo y la formulación de estrategias mediante la Matriz de Marco Lógico. Se empleó un enfoque mixto que incluyó revisión documental, trabajo de campo, entrevistas semiestructuradas a actores clave y análisis microbiológicos caracterizar la posición competitiva de la EBE. Los resultados muestran que la empresa cuenta con fortalezas asociadas a integración vertical parcial, basto conocimiento empírico e identidad territorial, pero enfrenta debilidades en planeación estratégica, gestión de calidad, coordinación con proveedores, sistematización de información y desarrollo de mercados. Asimismo, se identificaron oportunidades vinculadas con la demanda creciente de productos más saludables, programas de apoyo y posibilidades de diferenciación, frente a amenazas derivadas de la competencia y las exigencias normativas. Con base en estos hallazgos se diseñó una propuesta de desarrollo agroempresarial estructurada en una Matriz de Marco Lógico, que define objetivos, resultados y acciones orientadas a fortalecer la gobernanza, mejorar procesos, consolidar relaciones en la red de valor e incrementar la competitividad y sostenibilidad de la EBE.3 aThe Mexican dairy industry is characterized by a high presence of small and medium-sized enterprises (SMEs) that face competitive disadvantages compared to large corporations, despite their importance in employment generation. Within this context is the Company Under Study (EBE), a dairy SME located in Veracruz, which integrates milk production, processing and marketing, and incorporates local small-scale milk producers. However, it shows lags in organizational formalization, administrative management and articulation of its value network. The general objective was to propose an agro-enterprise development plan for EBE based on its internal and external organizational diagnosis and the formulation of strategies using the Logical Framework Matrix. A mixed-method approach was used, including documentary review, fieldwork, semi-structured interviews with key actors, and microbiological analyses to characterize EBE’s competitive position. The results show that the company has strengths associated with partial vertical integration, extensive empirical knowledge and territorial identity, but faces weaknesses in strategic planning, quality management, coordination with suppliers, information systematization and market development. Likewise, opportunities were identified in relation to the growing demand for healthier products, support programs and differentiation possibilities, along with threats derived from competition and regulatory requirements. Based on these findings, an agro-enterprise development proposal was designed and structured through a Logical Framework Matrix, defining objectives, outcomes and actions aimed at strengthening governance, improving processes, consolidating relationships within the value network, and increasing EBE’s competitiveness and sustainability.13aProductos lácteos2atgxIniciativa empresarial13aIndustria lecherazMéxicozVeracruz 2atg13aDairy products 2atgxEntrepreneurship13aDairy industryzMexicozVeracruz 2atg1 aFlores Girón, Emmanueledirector1 aBarrera Rodríguez, Ariadna Isabeleasesora1 aToriz Robles, Nancyeasesora40uhttp://10.13.5.2/tesis/t?/archivo.pdfzDESCARGAR PDF